Statystyki dla Miasto Na Literę cz.1

Kliknij tutaj aby rozwiązać quiz!

Ogólne statystyki

  • Ten quiz został rozwiązany 54 razy
  • Średni wynik to 7 z 15

Statystyki odpowiedzi

Pierwsza Litera Oraz Kraj
Miasto
% Poprawnych
Grecja - AAteny, Aleksandropolis
92%
Włochy - MMediolan, Mesyna, Modena
82%
Polska - SSosnowiec, Szczecin,
Siemianowice Śl., Siedlce
80%
Czechy - OOstrawa, Ołomuniec,
Opawa
76%
Rosja - WWoroneż, Wołgograd,
Władywostok, Wielkie Łuki
67%
Niemcy - NNorymberga
57%
Wielka Brytania - PPlymouth, Portsmouth
39%
Chorwacja - RRijeka
37%
Białoruś - GGrodno
35%
Francja - CCalais, Clermont Ferrand,
Caen, Cherbourg
29%
Węgry - DDebreczyn
20%
Norwegia - LLillehammer
20%
Finlandia - KKuopio, Kouvola
18%
Rumunia - TTimisoara, Targu Mures
16%
Ukraina - IIwano-Frankiwsk, Izmaił
10%

Rozkład punktacji

Percentyl według liczby udzielonych odpowiedzi

Procent ludzi z każdym wynikiem

Twoja historia wyników

Nie rozwiązałeś tego quizu